000 01139nab a22002537a 4500
999 _c6562
_d6562
003 OSt
005 20260224113701.0
008 190506c xxu||||| |||| 00| 0 spa d
040 _cPJ
245 1 3 _aLa reparación integral en el accidente in itinere /
_cLuis Mauricio Kornmann.
260 _aBuenos Aires :
_bAbeledoPerrot,
_c2024.
300 _ap. 31-35
500 _aCita: TR LALEY AR/DOC/1679/2024.
505 _aSumario: I. Introducción.— II. El caso.— III. Antecedentes.— IV. Síntesis y conclusiones.— V. Bibliografía.
505 _aFallo comentado: CS ~ 22/06/2023 ~ Ortiz, Marisa Liliana c. García Nimo Cobas y Cía. SRL s/ accidente — ley especial.
505 _t¿Te interesa el texto completo? Comunicate al correo: koha@justierradelfuego.gov.ar
650 0 _91316
_aDERECHO LABORAL
650 0 _91482
_aLEY SOBRE RIESGOS DEL TRABAJO
650 0 _94425
_aACCIDENTE IN ITINERE
650 0 _91417
_aACCIDENTES DE TRABAJO
650 0 _91382
_aINDEMNIZACION
773 0 _02751
_93202
_dBuenos Aires : AbeledoPerrot, 2013-
_tRevista de derecho laboral y seguridad social. Nº 15 - Agosto 2024
942 _2udc
_cANA